000 02294nam a22002297a 4500
003 OSt
005 20251221135713.0
008 251221b |||||||| |||| 00| 0 eng d
040 _cDCL
041 _aEnglish
082 _a940.5425
100 1 _aWebster, Donovan
245 1 0 _aThe Burma road : the epic story of the China-Burma-India theater in World War II /
_cDonovan Webster.
260 _aNew York :
_bHarperCollins Publisher,
_c2003.
300 _a359 pages :
_bmaps ;
_c20 cm.
504 _aIncludes bibliographical references and index
520 _a "The Burma Road tells the story of the China-Burma-India theater of operations during World War II. As the Imperial Japanese Army swept across China and South Asia at the war's outset - closing all of China's seaports - more than 200,000 Chinese laborers embarked on a seemingly impossible task: to cut a seven-hundred-mile overland route - which would be called the Burma Road - from the southwest Chinese city of Kunming to Lashio, Burma. But with the fall of Burma in early 1942, the Burma Road was severed, and it became the task of the newly arrived American General Stilwell to re-open it, while, at the same time, keeping China supplied by air-lift from India and simultaneously driving the Japanese out of Burma as the first step of the Allied offensive toward Japan.". "Donovan Webster follows the breathtaking adventures of the American "Hump" pilots who flew hair-raising missions over the Himalayas to make food-drops in China; tells the true story of the mission that inspired the famous film The Bridge on the River Kwai; and recounts the grueling jungle operations of Merrill's Marauders and the British Chindit Brigades. Interspersed with vivid portraits of the American General "Vinegar Joe" Stilwell, the exceedingly eccentric British General Orde Wingate, and the mercurial Chinese Generalissimo Chiang Kai-Shek, The Burma Road vividly re-creates the sprawling, sometimes hilarious, often harrowing, and still largely unknown stories of one of the greatest chapters of World War II."--BOOK JACKET.
650 _aWorld War, 1939-1945
_xCampaigns
_zMyanmar
651 _aMyanmar
_vHistory
_yJapanese occupation, 1942-1945
651 _aMyanmar Road (China and Myanmar)
942 _2ddc
_cSHORT TERM
_n0
999 _c2767
_d2767